Tập đọc tiếng thái theo phương pháp mới, tập 2

保存先:
書誌詳細
フォーマット: 図書
タグ: タグ追加
タグなし, このレコードへの初めてのタグを付けませんか!
Thư viện lưu trữ: Mạng thư viện Đại học Đà Nẵng
LEADER 00447nam a22001691a 4500
001 000036638
003 12933
005 20160412012702.0
008 160412s0 000
082 |a 4T(07)9 
245 |a Tập đọc tiếng thái theo phương pháp mới, tập 2  |c Saway Sunthorn 
OWN |a LNN 
999 |a From the UDN01 
TYP |a Monograph 
980 |a Mạng thư viện Đại học Đà Nẵng